| 000 | 00806nam a2200253Ii 4500 | ||
|---|---|---|---|
| 003 | JO-AjNU | ||
| 005 | 20240625120509.0 | ||
| 008 | 230605s9999||||xx |||||||||||||| ||und|| | ||
| 017 | _a1999/13762 | ||
| 020 | _a977-294-160-0 | ||
| 040 |
_aJO-AjNU _bara _erda _cJO-AjNU |
||
| 041 | _aara | ||
| 050 | 1 | 4 | _aGV481.M8364 2000 |
| 100 | 3 |
_aرضوان، محمد نصر الدين، م.مشارك منصور، احمد المتولي, _eauthor _917122 |
|
| 245 | 0 | 0 | _aاللياقة البدنية للجميع |
| 250 | _aط1 | ||
| 264 | 3 | 1 | _aالقاهرة: عربية للطباعة والنشر، 2000 |
| 300 | _a222ص | ||
| 336 |
_atext _btxt _2rdacontent |
||
| 337 |
_aunmediated _bn _2rdamedia |
||
| 338 |
_avolume _bnc _2rdacarrier |
||
| 650 | 4 |
_aاللياقة البدنية _917123 |
|
| 942 |
_2lcc _cBK |
||
| 999 |
_c8790 _d8790 |
||